Vplyv účinkov pulznej laserovej ablácie na zvýšenie adhézie v systéme povlak-podložka
Guardado en:
| Autor principal: | |
|---|---|
| Otros Autores: | |
| Formato: | Manuscrito Libro |
| Lenguaje: | eslovaco |
| Publicado: |
2016
|
| Materias: | |
| Acceso en línea: | http://is.stuba.sk/zp/portal_zp.pl?podrobnosti=118423 |
| Etiquetas: |
Sin Etiquetas, Sea el primero en etiquetar este registro!
|
MARC
| LEADER | 00000ntm a22000003a 4500 | ||
|---|---|---|---|
| 001 | stuzp56696 | ||
| 003 | SK-STU | ||
| 005 | 20160719155053.5 | ||
| 007 | ta | ||
| 008 | 150427s2015----xo-----f-mn---000-0-slo-d | ||
| 040 | |a STU |b slo | ||
| 041 | 0 | |a slo | |
| 100 | 1 | |a Števlíková, Lucia |u 061000 |k Z4 |4 aut |U MTF Materiálovotechnologická fakulta |T MTF Ústav materiálov |X 45849 |U M1000 |Y 81 |7 A000045849 | |
| 242 | 0 | 1 | |a Effect of pulsed laser ablation on the increase adhesion of the system coating - substrate |y eng |
| 245 | 1 | 0 | |a Vplyv účinkov pulznej laserovej ablácie na zvýšenie adhézie v systéme povlak-podložka |
| 260 | |c 2016 | ||
| 650 | 4 | |a PVD |2 slo | |
| 650 | 4 | |a laserové úpravy |2 slo | |
| 650 | 4 | |a povlak |2 slo | |
| 650 | 4 | |a povlakovanie |2 slo | |
| 650 | 4 | |a adhézia |2 slo | |
| 650 | 4 | |a odparovanie |2 slo | |
| 650 | 4 | |a naprašovanie |2 slo | |
| 650 | 4 | |a PVD |2 eng | |
| 650 | 4 | |a laser treatment |2 eng | |
| 650 | 4 | |a coat |2 eng | |
| 650 | 4 | |a coating |2 eng | |
| 650 | 4 | |a adhesion |2 eng | |
| 650 | 4 | |a evaporation |2 eng | |
| 650 | 4 | |a sputtering |2 eng | |
| 700 | 1 | |a Čaplovič, Ľubomír |u 061000 |k Z1 |4 ths |U MTF Materiálovotechnologická fakulta |T MTF Ústav materiálov |X 315 |U M1000 |Y 81 |7 A000000315 | |
| 856 | 4 | |u http://is.stuba.sk/zp/portal_zp.pl?podrobnosti=118423 | |
| 996 | |c M* DP-12775 |l MMSKP |s P |a 0 |w stuzp56696_0001 | ||
| SQL | |a stuzp56696 |b DDP |c SLO |d Vplyv účinkov pulznej laserovej ablácie na zvýšenie adhézie v systéme povlak-podložka |e 45849 |f Števlíková, Lucia |g 061000 |h 315 |i Čaplovič, Ľubomír |j 20160602 |k 667 |l 06 |m http://is.stuba.sk/zp/portal_zp.pl?podrobnosti=118423 |n I-MI |o 5.2.26. materiály | ||